[Event "Chess24 Banter Blitz Cup"]
[Site "chess24.com INT"]
[Date "2019.11.13"]
[Round "1.9"]
[White "Praggnanandhaa, R"]
[Black "Tari, Aryan"]
[Result "0-1"]
[WhiteTitle "GM"]
[BlackTitle "GM"]
[WhiteElo "2567"]
[BlackElo "2630"]
[WhiteFideId "25059530"]
[BlackFideId "1510045"]
[EventDate "2019.09.25"]
[EventType "blitz"]

1. Nf3 d5 2. b3 Bg4 3. Bb2 Bxf3 4. gxf3 Nf6 5. f4 g6 6. e3 Bg7 7. d4 c5 8. dxc5
Nc6 9. Nd2 Qa5 10. a3 Qxc5 11. b4 Qd6 12. c4 O-O 13. Bg2 Rfd8 14. cxd5 Nxd5 15.
Bxg7 Kxg7 16. Nc4 Qf6 17. Qc1 Rac8 18. O-O b5 19. Bxd5 Rxd5 20. Ne5 Qe6 21. Nxc6
Rxc6 22. Qb2+ f6 23. Qe2 Rcd6 24. Rfd1 Qe4 25. Rxd5 Qxd5 26. Rc1 a6 27. Rc7 Kf7
28. h3 Qb3 29. Qc2 Qxa3 30. Qe4 Re6 31. Qd4 Qb3 32. Kg2 Qb1 33. Ra7 Qe4+ 34.
Qxe4 Rxe4 35. Rxa6 Rxb4 36. Rb6 h5 37. Rb7 Rb1 38. Rb6 b4 39. h4 b3 40. Kh2 Ke8
41. Kg2 Kd7 42. Rb7+ Kd6 43. Rb6+ Kc5 44. Rb7 Kc4 45. Rxe7 Rd1 46. Rb7 Kc3 47.
e4 b2 48. f5 gxf5 49. e5 fxe5 0-1

[Event "Chess24 Banter Blitz Cup"]
[Site "chess24.com INT"]
[Date "2019.11.13"]
[Round "1.10"]
[White "Tari, Aryan"]
[Black "Praggnanandhaa, R"]
[Result "0-1"]
[WhiteTitle "GM"]
[BlackTitle "GM"]
[WhiteElo "2630"]
[BlackElo "2567"]
[WhiteFideId "1510045"]
[BlackFideId "25059530"]
[EventDate "2019.09.25"]
[EventType "blitz"]

1. e4 c5 2. Nf3 Nc6 3. Bb5 g6 4. Bxc6 bxc6 5. d3 Bg7 6. O-O e5 7. a3 a5 8. Be3
d6 9. Nfd2 Ne7 10. Nc3 O-O 11. f4 Rb8 12. Rb1 Be6 13. Kh1 f5 14. Qe1 Qd7 15. Qh4
h6 16. Qg3 exf4 17. Bxf4 g5 18. Bxg5 hxg5 19. Qxg5 Rf6 20. exf5 Bxf5 21. Nde4
Rg6 22. Qh4 Rf8 23. Rf2 Be5 24. Rbf1 Kg7 25. Ng3 Bxg3 0-1

[Event "Chess24 Banter Blitz Cup"]
[Site "chess24.com INT"]
[Date "2019.11.13"]
[Round "1.11"]
[White "Praggnanandhaa, R"]
[Black "Tari, Aryan"]
[Result "1/2-1/2"]
[WhiteTitle "GM"]
[BlackTitle "GM"]
[WhiteElo "2567"]
[BlackElo "2630"]
[WhiteFideId "25059530"]
[BlackFideId "1510045"]
[EventDate "2019.09.25"]
[EventType "blitz"]

1. e4 e5 2. Nf3 Nc6 3. Bc4 Bc5 4. c3 Nf6 5. d3 a6 6. Bb3 Ba7 7. h3 O-O 8. Bg5 d6
9. Nbd2 Be6 10. Qe2 Re8 11. Bh4 h6 12. Nf1 d5 13. Ng3 dxe4 14. dxe4 Bxb3 15.
axb3 Re6 16. Nf5 Ne7 17. O-O Ng6 18. Rad1 Qe8 19. Bxf6 Rxf6 20. Qd3 Nf4 21. Qd7
Qe6 22. Kh2 Bb6 23. Qxe6 fxe6 24. Ng3 Ng6 25. Rd7 Raf8 26. Nh5 R6f7 27. Rd2 Re7
28. Rfd1 c6 29. Kg1 Bc7 30. Kf1 Nf4 31. Nxf4 exf4 32. e5 Rf5 33. Rd7 Rff7 34.
Rxe7 Rxe7 35. Ke2 Kf7 36. Rd4 g5 37. b4 Kg6 38. g4 fxg3 39. fxg3 h5 40. g4 Rf7
41. Ke3 Rh7 42. Ke4 Rf7 43. Rd2 Rf4+ 44. Ke3 hxg4 45. hxg4 Rxg4 46. Rd7 Bb6+ 47.
Kd3 Rg3 48. Ke2 g4 49. Nd4 Rg2+ 50. Kd3 Rxb2 51. Nxe6 g3 52. Rg7+ Kf5 53. Nd4+
Bxd4 54. cxd4 g2 55. Ke3 Ke6 56. Kf3 Kd5 57. Rxg2 Rxg2 58. Kxg2 b6 59. Kf3 a5
60. bxa5 bxa5 61. Ke3 a4 62. Kd3 c5 63. dxc5 Kxc5 64. Kc3 Kd5 65. Kb2 Kxe5 66.
Ka3 Kd4 67. Kxa4 1/2-1/2

[Event "Chess24 Banter Blitz Cup"]
[Site "chess24.com INT"]
[Date "2019.11.13"]
[Round "1.12"]
[White "Tari, Aryan"]
[Black "Praggnanandhaa, R"]
[Result "0-1"]
[WhiteTitle "GM"]
[BlackTitle "GM"]
[WhiteElo "2630"]
[BlackElo "2567"]
[WhiteFideId "1510045"]
[BlackFideId "25059530"]
[EventDate "2019.09.25"]
[EventType "blitz"]

1. e4 c6 2. d4 d5 3. exd5 cxd5 4. Bd3 Nf6 5. Bf4 g6 6. c3 Bg7 7. Nd2 O-O 8. h3
Nc6 9. Ngf3 Bf5 10. Bxf5 gxf5 11. O-O b5 12. Ne5 Qc8 13. Re1 e6 14. Nd3 Ne4 15.
f3 Nxd2 16. Qxd2 Ne7 17. Bd6 Re8 18. Bxe7 Rxe7 19. b4 a5 20. a3 Rea7 21. Rac1
axb4 22. axb4 Ra2 23. Qg5 Qd8 24. Qg3 Rd2 25. Red1 Raa2 26. Rxd2 Rxd2 27. Nf4
Kf8 28. Ra1 Bh6 29. Nh5 Rc2 30. Qe5 Rc1+ 31. Rxc1 Bxc1 32. Qh8+ Ke7 33. Qf6+ Ke8
34. Ng7+ Kd7 35. Qxf7+ Qe7 36. Qg8 Bd2 37. Nh5 Bxc3 38. Qb8 Bxd4+ 39. Kh1 Qxb4
40. Qb7+ Kd6 41. Qb8+ Ke7 42. Qc7+ Kf8 43. Qd8+ Kf7 44. Qd7+ Qe7 45. Qxb5 Qc7
46. Qd3 Qc1+ 47. Kh2 Bg1+ 48. Kg3 Qg5# 0-1

[Event "Chess24 Banter Blitz Cup"]
[Site "chess24.com INT"]
[Date "2019.11.13"]
[Round "1.13"]
[White "Praggnanandhaa, R"]
[Black "Tari, Aryan"]
[Result "1-0"]
[WhiteTitle "GM"]
[BlackTitle "GM"]
[WhiteElo "2567"]
[BlackElo "2630"]
[WhiteFideId "25059530"]
[BlackFideId "1510045"]
[EventDate "2019.09.25"]
[EventType "blitz"]

1. Nf3 Nf6 2. g3 c5 3. Bg2 Nc6 4. c4 d5 5. cxd5 Nxd5 6. Nc3 Nxc3 7. bxc3 e5 8.
d3 Be7 9. O-O O-O 10. Rb1 Qc7 11. Ba3 Bd7 12. Nd2 b6 13. c4 f5 14. Bb2 Rae8 15.
a4 Bd6 16. Bc3 Kh8 17. a5 bxa5 18. Ra1 Nb4 19. Nb1 Rb8 20. Bd2 Bc6 21. Nc3 Bxg2
22. Kxg2 a6 23. Qa4 Qc6+ 24. Nd5 e4 25. dxe4 fxe4 26. Bxb4 Qxa4 27. Rxa4 axb4
28. Rxa6 Be5 29. Re6 Rfe8 30. Rxe8+ Rxe8 31. Rb1 Rb8 32. Rb3 Ra8 33. Nb6 Ra3 34.
Rb1 b3 35. Nd7 Bc3 36. Nxc5 b2 37. Nxe4 Bd4 38. c5 Ra1 39. Nd2 Bc3 40. c6 Bxd2
41. Rxb2 1-0

[Event "Chess24 Banter Blitz Cup"]
[Site "chess24.com INT"]
[Date "2019.11.14"]
[Round "1.1"]
[White "Henriquez Villagra, Cristobal"]
[Black "Gajewski, Grzegorz"]
[Result "0-1"]
[WhiteTitle "GM"]
[BlackTitle "GM"]
[WhiteElo "2594"]
[BlackElo "2619"]
[WhiteFideId "3409350"]
[BlackFideId "1116207"]
[EventDate "2019.09.25"]
[EventType "blitz"]

1. Nf3 d5 2. g3 Nf6 3. Bg2 e6 4. O-O Be7 5. c4 O-O 6. b3 dxc4 7. bxc4 c5 8. Nc3
Nc6 9. d3 Nd7 10. Qb3 b6 11. Bb2 Bb7 12. Rfd1 Qc8 13. e3 Re8 14. Rac1 Rd8 15.
Ne4 Na5 16. Qc3 Nf6 17. g4 Bxe4 18. dxe4 Bf8 19. Ne5 Nd7 20. Nd3 Rb8 21. g5 Nc6
22. a4 Qc7 23. f4 Nb4 24. Nf2 Na2 25. Qb3 Nxc1 26. Rxc1 Rbc8 27. Ng4 Nb8 28. Qc3
Nc6 29. h4 Nb4 30. Rf1 Rd3 31. Qc1 Rcd8 32. h5 Rd2 33. Bc3 Rc2 34. Qa1 Qc6 35.
h6 Rxg2+ 36. Kxg2 Qxe4+ 37. Kg3 Nc2 38. hxg7 Bxg7 39. Bxg7 Nxa1 40. Nf6+ Kxg7
41. Nxe4 Nc2 42. Nf6 Nxe3 43. Rh1 Rh8 44. Rc1 Nf5+ 45. Kg4 Rd8 46. Rh1 h6 47.
Nh5+ Kg6 48. Ng3 hxg5 49. fxg5 Rd4+ 50. Kf3 Rd3+ 51. Kf4 Rxg3 0-1

[Event "Chess24 Banter Blitz Cup"]
[Site "chess24.com INT"]
[Date "2019.11.14"]
[Round "1.2"]
[White "Gajewski, Grzegorz"]
[Black "Henriquez Villagra, Cristobal"]
[Result "0-1"]
[WhiteTitle "GM"]
[BlackTitle "GM"]
[WhiteElo "2619"]
[BlackElo "2594"]
[WhiteFideId "1116207"]
[BlackFideId "3409350"]
[EventDate "2019.09.25"]
[EventType "blitz"]

1. d4 Nf6 2. Nf3 g6 3. Bg5 Bg7 4. Nbd2 O-O 5. c3 d6 6. e3 h6 7. Bh4 b6 8. Bd3
Bb7 9. O-O Nbd7 10. Qe2 a6 11. Rfe1 Qe8 12. Nc4 g5 13. Bg3 Nh5 14. e4 e6 15. Ne3
Nf4 16. Bxf4 gxf4 17. Nf1 e5 18. h3 Bf6 19. Kh2 Kh8 20. g4 Rg8 21. N1d2 Rg7 22.
Rg1 Qe7 23. d5 b5 24. a4 bxa4 25. Rxa4 Nc5 26. Ra5 Nxd3 27. Qxd3 Rag8 28. Raa1
Bc8 29. Rxa6 h5 30. Ra8 hxg4 31. hxg4 Bxg4 32. Rxg8+ Kxg8 33. Rg2 Rg6 34. Kg1
Qf8 35. Nh2 Bd7 36. Rxg6+ fxg6 37. Qe2 Be7 38. Qf3 Qh6 39. Ndf1 Qh4 40. Qg2 Kg7
41. f3 Bd8 42. Ng4 c6 43. Qh2 Bb6+ 44. Kg2 Qxh2+ 45. Ngxh2 cxd5 46. exd5 Ba4 47.
Nd2 Be3 48. Nhf1 Bxd2 49. Nxd2 Kf6 50. Ne4+ Ke7 51. c4 Bb3 52. Nd2 Bc2 53. Kf2
Bf5 54. b4 g5 55. c5 g4 56. Nc4 e4 57. fxg4 Bxg4 58. Nxd6 e3+ 59. Ke1 f3 60. Ne4
Bf5 61. d6+ Kd8 62. Nf2 exf2+ 63. Kxf2 Bd7 64. c6 Bxc6 65. b5 Bb7 66. b6 Kd7 67.
Ke3 Kxd6 68. Kf2 Kc5 69. Ke3 Kxb6 70. Kf2 Kc5 71. Ke3 Kc4 0-1

[Event "Chess24 Banter Blitz Cup"]
[Site "chess24.com INT"]
[Date "2019.11.14"]
[Round "1.3"]
[White "Henriquez Villagra, Cristobal"]
[Black "Gajewski, Grzegorz"]
[Result "0-1"]
[WhiteTitle "GM"]
[BlackTitle "GM"]
[WhiteElo "2594"]
[BlackElo "2619"]
[WhiteFideId "3409350"]
[BlackFideId "1116207"]
[EventDate "2019.09.25"]
[EventType "blitz"]

1. Nf3 d5 2. g3 Nf6 3. Bg2 g6 4. O-O Bg7 5. d3 O-O 6. Nbd2 c5 7. e4 Nc6 8. Re1
e5 9. c3 Re8 10. exd5 Nxd5 11. Qb3 Nb6 12. Nc4 Bf5 13. Rd1 Nxc4 14. dxc4 Qc7 15.
Be3 e4 16. Nh4 Bg4 17. Re1 f5 18. h3 Bh5 19. Bxc5 Ne5 20. Bd4 Nd3 21. c5+ Kh8
22. Bxg7+ Qxg7 23. Re3 Rad8 24. Qb5 Re5 25. b4 g5 26. Nxf5 Rxf5 27. Bxe4 Qxc3
28. Rf1 Rxf2 29. Rxd3 Rxf1+ 30. Kxf1 Rf8+ 31. Kg2 Qc2+ 32. Kg1 Qf2+ 0-1

[Event "Chess24 Banter Blitz Cup"]
[Site "chess24.com INT"]
[Date "2019.11.14"]
[Round "1.4"]
[White "Gajewski, Grzegorz"]
[Black "Henriquez Villagra, Cristobal"]
[Result "0-1"]
[WhiteTitle "GM"]
[BlackTitle "GM"]
[WhiteElo "2619"]
[BlackElo "2594"]
[WhiteFideId "1116207"]
[BlackFideId "3409350"]
[EventDate "2019.09.25"]
[EventType "blitz"]

1. e4 c5 2. Nf3 d6 3. Bb5+ Nd7 4. O-O a6 5. Bxd7+ Bxd7 6. c4 e5 7. Nc3 Nf6 8. d3
Be7 9. Bg5 O-O 10. Bxf6 Bxf6 11. Ne1 b5 12. b3 Bg5 13. Nc2 f5 14. Nd5 f4 15. f3
h5 16. Qe2 Bh6 17. a3 g5 18. b4 Rf7 19. Rab1 g4 20. Na1 Rg7 21. Kh1 Qh4 22. Kg1
Rf8 23. Rb2 Kh8 24. Qe1 Qxe1 25. Rxe1 gxf3 26. Kf1 fxg2+ 27. Kg1 f3 28. Rf2 Bg5
29. Nc2 Bh4 30. Rc1 Bxf2+ 31. Kxf2 g1=Q+ 32. Rxg1 Rxg1 33. Kxg1 f2+ 0-1

[Event "Chess24 Banter Blitz Cup"]
[Site "chess24.com INT"]
[Date "2019.11.14"]
[Round "1.5"]
[White "Henriquez Villagra, Cristobal"]
[Black "Gajewski, Grzegorz"]
[Result "1-0"]
[WhiteTitle "GM"]
[BlackTitle "GM"]
[WhiteElo "2594"]
[BlackElo "2619"]
[WhiteFideId "3409350"]
[BlackFideId "1116207"]
[EventDate "2019.09.25"]
[EventType "blitz"]

1. e4 c5 2. Nf3 e6 3. g3 Nc6 4. Bg2 Nf6 5. Qe2 Be7 6. O-O O-O 7. e5 Nd5 8. Nc3
d6 9. exd6 Qxd6 10. d3 Nxc3 11. bxc3 Bf6 12. Bd2 b6 13. Ng5 Bxg5 14. Bxg5 Bb7
15. Rfe1 Na5 16. Bf4 Qd7 17. Bxb7 Nxb7 18. Rad1 Rad8 19. h4 Rfe8 20. h5 h6 21.
Qg4 Kh7 22. Re2 Nd6 23. Rde1 Nf5 24. Qh3 Ne7 25. Be5 Nc6 26. Qg4 f6 27. Bxf6
gxf6 28. Rxe6 Rxe6 29. Rxe6 Ne7 30. Qe4+ 1-0

[Event "Chess24 Banter Blitz Cup"]
[Site "chess24.com INT"]
[Date "2019.11.14"]
[Round "1.6"]
[White "Gajewski, Grzegorz"]
[Black "Henriquez Villagra, Cristobal"]
[Result "0-1"]
[WhiteTitle "GM"]
[BlackTitle "GM"]
[WhiteElo "2619"]
[BlackElo "2594"]
[WhiteFideId "1116207"]
[BlackFideId "3409350"]
[EventDate "2019.09.25"]
[EventType "blitz"]

1. d4 Nf6 2. c4 g6 3. Nc3 Bg7 4. e4 d6 5. Nf3 O-O 6. Be2 Nbd7 7. O-O e5 8. Qc2
exd4 9. Nxd4 Nc5 10. Be3 Ng4 11. Bxg4 Bxg4 12. f3 Bd7 13. Rad1 a5 14. Qd2 a4 15.
Bh6 Be6 16. Bxg7 Kxg7 17. b4 axb3 18. axb3 Qf6 19. Ncb5 Qe7 20. Qc3 Kg8 21. Ne2
Rfd8 22. Ra1 c6 23. Nbd4 Qc7 24. h4 Qb6 25. Kh2 Na6 26. h5 Qb4 27. Qe3 Qc5 28.
g4 Nc7 29. Kg2 gxh5 30. g5 h4 31. f4 Bg4 32. Kf2 Bxe2 33. Kxe2 Rxa1 34. Rxa1 Re8
35. Nf5 Qxe3+ 36. Kxe3 d5 37. cxd5 cxd5 38. e5 Ne6 39. Rb1 Rc8 40. Nxh4 Rc3+ 41.
Kd2 Rh3 42. Nf5 Nxf4 43. Rc1 h6 44. gxh6 Kh7 45. Rg1 Ng6 46. Nd6 Nxe5 47. Nxf7
Nf3+ 48. Ke3 Nxg1+ 49. Kd4 Rxb3 50. Ng5+ Kxh6 51. Ne6 Kh5 52. Nc7 Nf3+ 0-1

[Event "Chess24 Banter Blitz Cup"]
[Site "chess24.com INT"]
[Date "2019.11.14"]
[Round "1.7"]
[White "Henriquez Villagra, Cristobal"]
[Black "Gajewski, Grzegorz"]
[Result "1-0"]
[WhiteTitle "GM"]
[BlackTitle "GM"]
[WhiteElo "2594"]
[BlackElo "2619"]
[WhiteFideId "3409350"]
[BlackFideId "1116207"]
[EventDate "2019.09.25"]
[EventType "blitz"]

1. Nf3 g6 2. e4 Bg7 3. d4 c5 4. d5 d6 5. Nc3 Nf6 6. Bb5+ Bd7 7. a4 O-O 8. O-O
Bxb5 9. axb5 Nfd7 10. Re1 a6 11. Bg5 h6 12. Bh4 Re8 13. Qd2 Qc7 14. Bg3 b6 15.
h4 Ra7 16. h5 g5 17. Ra4 Bxc3 18. bxc3 f6 19. Rea1 a5 20. Nh2 Nf8 21. Ng4 Kg7
22. Ne3 Nbd7 23. Nf5+ Kh7 24. f4 Qd8 25. Qd3 c4 26. Rxc4 Nc5 27. Rxc5 bxc5 28.
e5 Kh8 29. Nxh6 Kg7 30. Nf5+ Kh8 31. e6 c4 32. Qd4 Rb7 33. fxg5 Nh7 34. Bh4 Qb6
35. g6 Qxd4+ 36. cxd4 Ng5 37. Bxg5 fxg5 38. Rxa5 c3 39. h6 g4 40. Kh2 g3+ 41.
Kxg3 Rg8 42. Nh4 Rc7 43. Kg4 Rc4 44. Kg5 Rxd4 45. Nf5 Rxd5 46. g4 Re5 47. h7 Rb8
48. Kh6 Rxe6 49. Nd4 Rf6 50. g5 1-0

[Event "Chess24 Banter Blitz Cup"]
[Site "chess24.com INT"]
[Date "2019.11.14"]
[Round "1.8"]
[White "Gajewski, Grzegorz"]
[Black "Henriquez Villagra, Cristobal"]
[Result "0-1"]
[WhiteTitle "GM"]
[BlackTitle "GM"]
[WhiteElo "2619"]
[BlackElo "2594"]
[WhiteFideId "1116207"]
[BlackFideId "3409350"]
[EventDate "2019.09.25"]
[EventType "blitz"]

1. e4 c5 2. Nf3 d6 3. d4 cxd4 4. Nxd4 Nf6 5. Nc3 Nc6 6. Bg5 e6 7. Qd2 a6 8.
O-O-O Bd7 9. f4 Be7 10. Nf3 b5 11. Bxf6 gxf6 12. f5 Qb6 13. Qh6 O-O-O 14. Qh5
Rhf8 15. Bd3 Kb8 16. Kb1 Qc5 17. Ne2 Rc8 18. Nf4 Nb4 19. fxe6 Qxh5 20. Nxh5 fxe6
21. Rhf1 Rc5 22. Nf4 Rfc8 23. c3 Nxd3 24. Nxd3 Rh5 25. Nf4 Rh6 26. h3 Rg8 27.
Rd2 Rg3 28. Nd4 f5 29. Nde2 Rg5 30. exf5 Rxf5 31. Rdd1 d5 32. Nd3 Rxf1 33. Rxf1
Kc7 34. Ne5 Be8 35. Nd4 Kd6 36. Nf7+ Bxf7 37. Rxf7 Rf6 38. Rxf6 Bxf6 39. Kc2 e5
40. Ne2 e4 41. b3 Kc5 42. g4 Be5 43. a3 a5 44. h4 b4 45. axb4+ axb4 46. g5 bxc3
47. Nxc3 Bf4 48. Ne2 Be3 49. Ng3 Bf2 50. Nf5 d4 51. h5 d3+ 52. Kc3 Be1+ 53. Kb2
Kb4 54. g6 Bc3+ 55. Kc1 hxg6 56. hxg6 Kxb3 57. g7 Bxg7 58. Nxg7 e3 59. Nf5 e2
60. Kd2 e1=Q+ 61. Kxe1 Kc2 62. Ne3+ Kc1 63. Nd1 d2+ 64. Ke2 Kc2 0-1

[Event "Chess24 Banter Blitz Cup"]
[Site "chess24.com INT"]
[Date "2019.11.14"]
[Round "1.9"]
[White "Henriquez Villagra, Cristobal"]
[Black "Gajewski, Grzegorz"]
[Result "1-0"]
[WhiteTitle "GM"]
[BlackTitle "GM"]
[WhiteElo "2594"]
[BlackElo "2619"]
[WhiteFideId "3409350"]
[BlackFideId "1116207"]
[EventDate "2019.09.25"]
[EventType "blitz"]

1. e4 c5 2. Nf3 e6 3. g3 Nc6 4. Bg2 Nf6 5. Qe2 Be7 6. O-O O-O 7. d3 d5 8. c3 b6
9. Rd1 Ba6 10. c4 dxc4 11. dxc4 Qc7 12. Nc3 Rad8 13. Bf4 e5 14. Bg5 Nd4 15. Qf1
Bb7 16. Bxf6 Bxf6 17. Nd5 Bxd5 18. cxd5 c4 19. Nxd4 exd4 20. f4 d3 21. e5 Bxe5
22. fxe5 Qxe5 23. b3 b5 24. bxc4 bxc4 25. Rac1 Rc8 26. Qf4 Qxf4 27. gxf4 Rfe8
28. d6 Red8 29. d7 1-0

[Event "Chess24 Banter Blitz Cup"]
[Site "chess24.com INT"]
[Date "2019.11.14"]
[Round "1.10"]
[White "Gajewski, Grzegorz"]
[Black "Henriquez Villagra, Cristobal"]
[Result "1-0"]
[WhiteTitle "GM"]
[BlackTitle "GM"]
[WhiteElo "2619"]
[BlackElo "2594"]
[WhiteFideId "1116207"]
[BlackFideId "3409350"]
[EventDate "2019.09.25"]
[EventType "blitz"]

1. Nf3 Nf6 2. c3 g6 3. d4 Bg7 4. Bg5 O-O 5. Nbd2 d6 6. e3 b6 7. Bd3 Bb7 8. O-O
Nbd7 9. Qe2 a6 10. a4 h6 11. Bxf6 exf6 12. e4 Re8 13. Qd1 h5 14. Re1 Bh6 15. Nf1
Nf8 16. Ng3 Ne6 17. Ne2 Kg7 18. Qc2 Qe7 19. Rad1 Rad8 20. h4 d5 21. exd5 Bxd5
22. Nd2 Bb7 23. Be4 Bxd2 24. Rxd2 Nxd4 25. Nxd4 Bxe4 26. Rde2 Bxc2 27. Rxe7 Rxe7
28. Rxe7 Kf8 29. Rxc7 Bxa4 30. Rb7 Rd6 31. f3 Be8 32. Kf2 a5 33. Ke3 Bd7 34. Kd3
g5 35. g3 Kg7 36. Ke3 Kg6 37. f4 gxh4 38. gxh4 Kg7 39. Kf3 Kf8 40. Ke3 Kg7 41.
Rc7 Bg4 42. f5 Rd8 43. Ne6+ 1-0

[Event "Chess24 Banter Blitz Cup"]
[Site "chess24.com INT"]
[Date "2019.11.14"]
[Round "1.11"]
[White "Henriquez Villagra, Cristobal"]
[Black "Gajewski, Grzegorz"]
[Result "0-1"]
[WhiteTitle "GM"]
[BlackTitle "GM"]
[WhiteElo "2594"]
[BlackElo "2619"]
[WhiteFideId "3409350"]
[BlackFideId "1116207"]
[EventDate "2019.09.25"]
[EventType "blitz"]

1. e4 e5 2. Nc3 Nc6 3. g3 Bc5 4. Bg2 d6 5. Na4 Bb6 6. Nxb6 axb6 7. d3 Nf6 8. Nf3
O-O 9. O-O h6 10. b3 Be6 11. h3 Qd7 12. Kh2 b5 13. Bb2 b4 14. d4 exd4 15. Nxd4
Nxd4 16. Qxd4 Qb5 17. f4 Rfe8 18. Rfe1 Rad8 19. Rad1 Qh5 20. Qxb4 b6 21. Bxf6
gxf6 22. f5 Bc8 23. Qc3 Rd7 24. Qxf6 Re5 25. Rd5 Qg5 26. Qxg5+ hxg5 27. Red1
Rde7 28. Rxe5 Rxe5 29. Rd4 Bb7 30. h4 gxh4 31. gxh4 Kg7 32. Kg3 Kf6 33. Kf4 Re8
34. Rd3 Rh8 35. Rh3 Rg8 36. Rg3 Rh8 37. Rg4 Bc8 38. Bf3 Bd7 39. a4 Bc8 40. Kg3
Bd7 41. Be2 Be8 42. Rf4 Ke5 43. h5 f6 44. Rh4 Rh6 45. Kf2 Kd4 46. Bd3 Kc3 47.
Ke3 Bf7 48. Rg4 Rh7 49. Rg7 Rxg7 0-1

[Event "Chess24 Banter Blitz Cup"]
[Site "chess24.com INT"]
[Date "2019.11.14"]
[Round "1.12"]
[White "Gajewski, Grzegorz"]
[Black "Henriquez Villagra, Cristobal"]
[Result "1/2-1/2"]
[WhiteTitle "GM"]
[BlackTitle "GM"]
[WhiteElo "2619"]
[BlackElo "2594"]
[WhiteFideId "1116207"]
[BlackFideId "3409350"]
[EventDate "2019.09.25"]
[EventType "blitz"]

1. d4 Nf6 2. Nf3 g6 3. Bg5 Bg7 4. Nbd2 O-O 5. c3 d6 6. e3 Nbd7 7. Bd3 Qe8 8. O-O
e5 9. Bxf6 Nxf6 10. dxe5 dxe5 11. Qc2 Qe7 12. Ne4 Nxe4 13. Bxe4 c6 14. Nd2 Be6
15. Rfd1 Rad8 16. Nb3 f5 17. Bf3 Bf6 18. Rxd8 Rxd8 19. Rd1 Kg7 20. Rxd8 Qxd8 21.
Nc5 Qe7 22. Nxe6+ Qxe6 23. Qa4 a6 24. e4 Qd7 25. Qc2 Bg5 26. g3 b5 27. h4 Bd8
28. Bg2 Bb6 29. Bh3 Kf6 30. Kg2 Qe6 31. Qc1 Qc4 32. exf5 Qe4+ 33. Kg1 Qf3 34.
Qg5+ Kf7 35. fxg6+ hxg6 36. Qd2 Qxg3+ 37. Bg2 Qxh4 38. Qd7+ Qe7 39. Qxc6 Qc7 40.
Bd5+ Kg7 41. Qe6 a5 42. Qg8+ Kh6 43. Qh8+ Kg5 44. Kg2 Qd6 45. Qg8 Qf6 46. f3 Qf4
47. Qe6 Qd2+ 48. Kh3 Qf2 49. Qg4+ Kh6 50. Qh4+ Qxh4+ 51. Kxh4 b4 52. Kg4 bxc3
53. bxc3 Kg7 1/2-1/2

[Event "Chess24 Banter Blitz Cup"]
[Site "chess24.com INT"]
[Date "2019.11.14"]
[Round "1.13"]
[White "Henriquez Villagra, Cristobal"]
[Black "Gajewski, Grzegorz"]
[Result "0-1"]
[WhiteTitle "GM"]
[BlackTitle "GM"]
[WhiteElo "2594"]
[BlackElo "2619"]
[WhiteFideId "3409350"]
[BlackFideId "1116207"]
[EventDate "2019.09.25"]
[EventType "blitz"]

1. Nf3 d5 2. g3 Nf6 3. Bg2 c5 4. O-O g6 5. d3 Bg7 6. Nc3 d4 7. Na4 Nfd7 8. c4
O-O 9. e3 Nc6 10. exd4 cxd4 11. a3 a5 12. Rb1 Rb8 13. Ne1 Qc7 14. b4 axb4 15.
axb4 b5 16. cxb5 Na7 17. Bg5 Nxb5 18. Bxe7 Re8 19. Bg5 Nc3 20. Nxc3 dxc3 21. Bf4
Be5 22. Bxe5 Nxe5 23. Nc2 Bg4 24. f3 Bf5 25. d4 Nc4 26. Rf2 Bxc2 27. Rxc2 Na3
28. Rbc1 Nxc2 29. Qxc2 Rxb4 30. Qxc3 Qxc3 31. Rxc3 Rxd4 32. Rc2 g5 33. Bf1 Re3
34. Rf2 f5 35. Kg2 f4 36. gxf4 Rxf4 37. h3 Kg7 38. Bb5 Rb4 39. Bf1 Reb3 40. Be2
Rb2 41. Kg3 Rf4 42. Rh2 h6 43. Rf2 Rf6 44. Rh2 Re6 0-1

[Event "Chess24 Banter Blitz Cup"]
[Site "chess24.com INT"]
[Date "2019.11.14"]
[Round "1.14"]
[White "Gajewski, Grzegorz"]
[Black "Henriquez Villagra, Cristobal"]
[Result "0-1"]
[WhiteTitle "GM"]
[BlackTitle "GM"]
[WhiteElo "2619"]
[BlackElo "2594"]
[WhiteFideId "1116207"]
[BlackFideId "3409350"]
[EventDate "2019.09.25"]
[EventType "blitz"]

1. d4 Nf6 2. Nf3 g6 3. Bg5 Bg7 4. c3 O-O 5. Nbd2 d6 6. e3 Nbd7 7. Bd3 Qe8 8. O-O
e5 9. dxe5 dxe5 10. Bxf6 Nxf6 11. Qc2 Qe7 12. Rfd1 Bg4 13. Be2 Rad8 14. h3 Bf5
15. Qb3 c6 16. Nc4 Ne4 17. Nfd2 Nxd2 18. Nxd2 Rd7 19. Bg4 Bxg4 20. hxg4 Qg5 21.
Ne4 Qxg4 22. Rxd7 Qxd7 23. Rd1 Qe7 24. Qc4 Rd8 25. Rxd8+ Qxd8 26. g4 h6 27. Kg2
Bf8 28. Qb3 Qe7 29. Kf3 Kg7 30. Qc4 Qd7 31. Qb3 h5 32. gxh5 Qf5+ 33. Ke2 Qxe4
34. hxg6 Qxg6 35. Qxb7 a5 36. Qb3 Qe6 37. Qxe6 fxe6 38. Kd3 Kf6 39. Ke4 Bc5 40.
b3 Bd6 41. f3 Bc5 42. Kd3 Kf5 43. Kc4 Bxe3 44. b4 axb4 45. cxb4 Kf4 0-1

[Event "Chess24 Banter Blitz Cup"]
[Site "chess24.com INT"]
[Date "2019.11.14"]
[Round "1.1"]
[White "Hauge, Lars Oskar"]
[Black "Ganguly, Surya Shekhar"]
[Result "1-0"]
[WhiteTitle "IM"]
[BlackTitle "GM"]
[WhiteElo "2483"]
[BlackElo "2658"]
[WhiteFideId "1509276"]
[BlackFideId "5002150"]
[EventDate "2019.09.25"]
[EventType "blitz"]

1. e4 e6 2. d4 d5 3. Nd2 c5 4. exd5 Qxd5 5. dxc5 Nf6 6. Ngf3 Nbd7 7. Bc4 Qxc5 8.
Qe2 Qc7 9. O-O Bd6 10. b3 O-O 11. Bb2 b6 12. Rfe1 Bb7 13. Ne5 Nxe5 14. Bxe5 Bxe5
15. Qxe5 Qxe5 16. Rxe5 Rfd8 17. Nf1 Rac8 18. Re2 Ne4 19. Bd3 Nc5 20. Bc4 Ne4 21.
Bd3 Nc5 22. Bc4 a6 23. a4 Rd4 24. Ne3 Bc6 25. Ree1 b5 26. axb5 axb5 27. Bf1 b4
28. Rad1 Rcd8 29. Rxd4 Rxd4 30. Bc4 Kf8 31. Kf1 Be4 32. f3 Bg6 33. Ke2 Ke7 34.
Rd1 Rxd1 35. Kxd1 Kd6 36. Kd2 f5 37. c3 bxc3+ 38. Kxc3 f4 39. Ng4 e5 40. b4 Nd7
41. Nf2 Nf6 42. g3 fxg3 43. hxg3 Nh5 44. g4 Nf4 45. Bf1 h6 46. Kc4 Bf7+ 47. Kc3
Nd5+ 48. Kd2 Nxb4 49. Ne4+ Ke7 50. Ke3 Nd5+ 51. Kf2 Nf4 52. Kg3 g6 53. Bb5 h5
54. Bf1 Bd5 55. Nf2 Be6 56. Bb5 g5 57. gxh5 Nxh5+ 58. Kg2 Kf6 59. Bf1 Nf4+ 60.
Kg3 Bf5 61. Ng4+ Ke6 62. Ne3 Bg6 63. Ng4 Kd6 64. Ne3 Kc5 65. Ng4 Kd4 66. Nf2 e4
67. Ng4 e3 68. Ba6 e2 69. Bxe2 Nxe2+ 70. Kf2 1-0